Parc Natural del Montseny : reserva de la biosfera reserva de la biosfera

Publicat: Diputació de Barcelona. Àrea d'Espais Naturals ; Girona : Diputació de Girona , 2001
Descripció física: 1 f. plegat en 6 parts : il. col. ; 22 cm pleg., 44 x 33 cm despleg.
Altres autors: Girona. Diputació

MARC

LEADER 00000nam a2200000Ia 4500
001 19344
008 160829s2001 xx 000 0 cat d
080 |a FU-4-9 
245 |a Parc Natural del Montseny :  |b  reserva de la biosfera 
260 |a Diputació de Barcelona. Àrea d'Espais Naturals ; Girona :  |b Diputació de Girona,  |c 2001 
300 |a 1 f. plegat en 6 parts :  |b  il. col. ;  |c 22 cm pleg., 44 x 33 cm despleg. 
590 |a Conté un mapa del parc.  
590 |a Hi ha un exemplar en francès amb R. 19345 i alemany amb R. 19346 
610 0 |a Parc Natural del Montseny (Catalunya)  |9 10461 
610 0 |a Parc Natural del Montseny (Catalunya)  |v Guies  |9 52680 
700 |a Girona. Diputació 
710 |a Barcelona (Catalunya : Província).  |b Àrea d'Espais Naturals  |9 9050 
901 |a Arxiu 
942 |n 1 
952 |0 0  |1 0  |4 0  |6 FU49  |7 1  |9 53218  |a Arxiu  |b Arxiu  |d 2016-12-01  |l 0  |o FU-4-9  |p 19344  |r 2016-12-01 00:00:00  |w 2016-12-01  |y ARXIU 
999 |c 57067  |d 57067